| 000 -LEADER | |
|---|---|
| fixed length control field | 00396nam a22001697a 4500 |
| 005 - DATE AND TIME OF LATEST TRANSACTION | |
| control field | 20180203160636.0 |
| 008 - FIXED-LENGTH DATA ELEMENTS--GENERAL INFORMATION | |
| fixed length control field | 160630b xxu||||| |||| 00| 0 eng d |
| 020 ## - INTERNATIONAL STANDARD BOOK NUMBER | |
| ISBN | 978-81-89757-70-0 |
| 041 ## - LANGUAGE CODE | |
| Language code of text/sound track or separate title | eng |
| 082 ## - DEWEY DECIMAL CLASSIFICATION NUMBER | |
| Item number | 15856 |
| Classification number | 005.133 |
| 100 ## - MAIN ENTRY--AUTHOR NAME | |
| Personal name | Jha, S K |
| 245 ## - TITLE STATEMENT | |
| Title | Programming in C |
| 260 ## - PUBLICATION, DISTRIBUTION, ETC. (IMPRINT) | |
| Name of publisher | Katson |
| Year of publication | 2012 |
| 300 ## - PHYSICAL DESCRIPTION | |
| Number of Pages | 504 |
| 650 ## - SUBJECT ADDED ENTRY--TOPICAL TERM | |
| Topical Term | Information Technology |
| 942 ## - ADDED ENTRY ELEMENTS (KOHA) | |
| Koha item type | Books |
| Lost status | Damaged status | Collection code | Home library | Current library | Shelving location | Date acquired | Cost, normal purchase price | Full call number | Accession Number | Koha item type | Source of acquisition |
|---|---|---|---|---|---|---|---|---|---|---|---|
| CS/IT | JRU Library | JRU Library | SHELF-52-I | 30/06/2016 | 225.00 | 005.133 | 15856 | Books | |||
| JRU Library | Shelf - 25- K | 30/06/2016 | 225.00 | 15856 | 15857 | Books | |||||
| CS/IT | JRU Library | JRU Library | SHELF-50-H | 30/06/2016 | 225.00 | 005.133 | 15858 | Books | |||
| JRU Library | Shelf - 25- L | 30/06/2016 | 225.00 | 15856 | 15859 | Books | |||||
| CS/IT | JRU Library | JRU Library | SHELF-52-I | 30/06/2016 | 225.00 | 005.133 | 15860 | Books | |||
| CS/IT | JRU Library | SHELF-50-H | 30/06/2016 | 225.00 | 005.133 | 15861 | Books | ||||
| JRU Library | Shelf - 25- L | 30/06/2016 | 225.00 | 15856 | 15862 | Books | |||||
| CS/IT | JRU Library | JRU Library | SHELF-52-I | 30/06/2016 | 225.00 | 005.133 | 15863 | Books | |||
| CS/IT | JRU Library | JRU Library | SHELF-52-I | 30/06/2016 | 225.00 | 005.133 | 15864 | Books | |||
| JRU Library | SHELF-3-G | 30/06/2016 | 225.00 | 15856 | 15865 | Books | |||||
| CS/IT | JRU Library | SHELF-50-H | 30/06/2016 | 225.00 | 005.133 | 15866 | Books | ||||
| CS/IT | JRU Library | SHELF-50-H | 30/06/2016 | 225.00 | 005.133 | 15867 | Books | ||||
| JRU Library | SHELF-6-A | 30/06/2016 | 225.00 | 15856 | 15868 | Books | |||||
| CS/IT | JRU Library | JRU Library | SHELF-50-I | 30/06/2016 | 225.00 | 005.133 | 15869 | Books | |||
| CS/IT | JRU Library | JRU Library | SHELF-52-I | 30/06/2016 | 225.00 | 005.133 | 15870 | Books | |||
| CS/IT | JRU Library | JRU Library | SHELF-50-H | 30/06/2016 | 225.00 | 005.133 | 15871 | Books | |||
| CS/IT | JRU Library | JRU Library | SHELF-52-I | 30/06/2016 | 225.00 | 005.133 | 15872 | Books | |||
| CS/IT | JRU Library | JRU Library | SHELF-52-I | 30/06/2016 | 225.00 | 005.133 | 15873 | Books | PURCHASE |